| 000 | 01425nam a2200289 i 4500 | ||
|---|---|---|---|
| 003 | DO-SdBNP | ||
| 005 | 20250407093859.0 | ||
| 007 | ta | ||
| 008 | 250407t2024 dr a j 000 j spa d | ||
| 020 | _z9789945944532 | ||
| 040 |
_aDO-SdBNP _bspa _cBNPHU _erda |
||
| 082 |
_axxx _bL724c _222 |
||
| 100 | 1 |
_aLigman, Daria _eautora _4aut. _987361 |
|
| 245 | 1 | 4 |
_aLos cuentos de Babcia / _cDaria Ligman : ilustraciones, Rodolfo Báez |
| 264 | 4 |
_aSanto Domingo : _bEl gato ediciones, _bImpresora Soto Castillo, _c©2024. |
|
| 300 |
_a83 páginas _bilustraciones ; _c28 cm. |
||
| 336 |
_atexto _btxt _2rdacontent |
||
| 337 |
_asin mediación _bn _2rdamedia |
||
| 338 |
_avolumen _bnc _2rdacarrier |
||
| 505 |
_tCómo nación el perico ripiao -- _tEntre perros y gatos -- |
||
| 520 | _aLa palabra "babcia" es muy especial para la autora. Viene del polaco y ¡significa "abuela" en español! ¡Y todos sabemos que las abuelas son lo más genial del mundo! Para la autora, sus nietos son como su fuente mágica de inspiración. En sus cuentos cortos, la autora quiere enseñarnos cosas importantes, como ser buenos amigos, entender a los demás, ser valientes y amar lo que hacemos. Cada cuento nos deja una lección, ¡y es fácil de entender! | ||
| 590 | _aInventariado, 2025/ YL | ||
| 650 | 7 |
_aLiteratura infantil _92053 |
|
| 700 |
_aBáez, Rodolfo _d1983- _eilustraciones _4il. _975101 |
||
| 910 | _aYLockward | ||
| 942 |
_2ddc _cLBS1 |
||
| 999 |
_c58628 _d58628 |
||